000
00297nam a2200145Ia 4500
100
_a
KAMAT VITTHAL
650
_a
General
942
_c
BK
366
_f
20
245
_a
UDYOJAK HONARACH ME
260
_b
AMEY INSPIRING
_a
Pune
_c
2012
082
_a
658.1/KAM
300
_a
254
546
_a
ENGLISH
999
_c
26217
_d
26217